| 000 | 00000nam##2200000za#4500 |
| 001 | 9.571424 |
| 003 | CaOODSP |
| 005 | 20240527135426 |
| 007 | cr ||||||||||| |
| 008 | 150406|2000||||xxc|||||o f|0| 0 eng|d |
| 040 | |aCaOODSP|beng |
| 043 | |an-cn--- |
| 086 | 1 |aCW69-5/338E-PDF |
| 110 | 2 |aCanadian Wildlife Service. |
| 245 | 10|aBiochemical methods to determine cholinesterase activity in wildlife exposed to pesticides / |h[electronic resource]|c[by] S. Trudeau and G. Sans Cartier. |
| 260 | |bEnvironment Canada. |c2000. |
| 300 | |a51p.|bfigs., tables |
| 490 | 1 |aCanadian Wildlife Service, technical report series|v338 |
| 500 | |aThe catalogue number (CW69-5/338E) and ISBN (0-662-28025-3) for the print edition have been incorrectly copied in this electronic publication. |
| 546 | |a(Préface en français.) |
| 590 | |a12-04-Supp|b2012-02-20 |
| 690 | 07|aPesticides|2gcpds |
| 690 | 07|aToxicology|2gcpds |
| 690 | 07|aWildlife|2gcpds |
| 720 | 1 |aSans Cartier, G. L. |
| 720 | 1 |aTrudeau, S. |
| 776 | 0#|tBiochemical methods to determine cholinesterase activity in wildlife exposed to pesticides / |w(CaOODSP)9.614887 |
| 830 | #0|aTechnical report series (Canadian Wildlife Service)|v338|w(CaOODSP)9.504438 |
| 856 | 40|ahttp://publications.gc.ca|qPDF|s201 KB|uhttps://publications.gc.ca/collections/Collection/CW69-5-338E.pdf|y338 |